000 01526nam a2200217Ia 4500
003 Ost
005 20260507074850.0
008 260507s9999||||xx |||||||||||||| ||und||
040 _cfsecg
041 _aara
082 _a342.06
100 _aبسيوني، عبد الغني عبد الله
_eمؤلف
245 0 _aالقضاء الإداري ومجلس شورى الدولة اللبناني /
_c عبد الغني عبد الله بسيوني
260 _aبيروت:
_bالدار الجامعية,
_c2001
300 _a798 صفحة؛
_bإيضاحات ؛
_c24 سم
520 _aمبدأ المشروعية وتنظيم القضاء الاداري: مبدأ المشروعية، الرقابة على أعمال الادارة وتنظيم القضاء الاداري، نطاق اختصاص القضاء الاداري اللبناني: خروج الأعمال التشريعية والاعمال القضائية من اختصاص القضاء الاداري، اختصاص القضاء الاداري بالمنازعات الادارية، تنازع الاختصاص بين القضاء العادي، دعوى الالغاء أو الابطال: شروط قبول دعوى الالغاء، أسباب الالغاء أو اوجه الابطال، أصول التقاضي واجراءات المراجعة أمام القاضي الاداري اللبناني
653 _aالرقابة
653 _aالقانون الإداري- لبنان
653 _aالقضاء الاداري
942 _cكتاب
999 _c41561
_d41561